[Event "Titled Tuesday intern op 29th Nov Early"]
[Site "Chess.com INT"]
[Date "2022.11.29"]
[Round "4"]
[White "Rustemov, Alexander"]
[Black "Zivkovic, Nemanja"]
[Result "0-1"]
[WhiteElo "2525"]
[BlackElo "2364"]
[PlyCount "88"]
[EventDate "2022.11.29"]
[EventType "swiss (blitz)"]
[EventRounds "11"]
[EventCountry "USA"]
[SourceTitle "EXT 2024"]
[Source "ChessBase"]
[SourceDate "2023.10.10"]
[SourceVersion "1"]
[SourceVersionDate "2023.10.10"]
[SourceQuality "1"]

1. d4 Nf6 2. c4 e6 3. Nf3 b6 4. a3 Bb7 5. Nc3 d5 6. Bg5 Be7 7. Bxf6 Bxf6 8. cxd5 exd5 9. Qa4+ c6 10. g3 0-0 11. Rd1 Re8 12. Bg2 Nd7 13. 0-0 a5 14. Qc2 b5 15. Rfe1 Nb6 16. a4 b4 17. Na2 Qd6 18. Nc1 Bc8 19. Nd3 Bf5 20. b3 Nd7 21. Rc1 Rac8 22. Qd2 h6 23. Nc5 Nxc5 24. Rxc5 Bd8 25. e3 Bb6 26. Rcc1 g5 27. Ne5 f6 28. Nd3 Re7 29. Nc5 Rce8 30. Bf1 Kg7 31. Bd3 Bg4 32. Rc2 h5 33. Be2 Bf5 34. Bd3 Bg4 35. Rec1 Rc7 36. Be2 Bf5 37. Nd3 Rh8 38. Qd1 h4 39. Bg4 Bg6 40. Rd2 hxg3 41. hxg3 Be4 42. Bf3 Qe6 43. Ne1 Qh3 44. Rdc2 Qh1+ 0-1

[Event "Titled Tuesday intern op 29th Nov Early"]
[Site "Chess.com INT"]
[Date "2022.11.29"]
[Round "6"]
[White "Zivkovic, Nemanja"]
[Black "Bacrot, Etienne"]
[Result "0-1"]
[WhiteElo "2364"]
[BlackElo "2646"]
[PlyCount "80"]
[EventDate "2022.11.29"]
[EventType "swiss (blitz)"]
[EventRounds "11"]
[EventCountry "USA"]
[SourceTitle "EXT 2024"]
[Source "ChessBase"]
[SourceDate "2023.10.10"]
[SourceVersion "1"]
[SourceVersionDate "2023.10.10"]
[SourceQuality "1"]

1. e4 g6 2. d4 Bg7 3. Nf3 a6 4. c3 d6 5. Bd3 b5 6. 0-0 Bb7 7. a4 c6 8. Nbd2 Nd7 9. Re1 e5 10. axb5 axb5 11. Rxa8 Bxa8 12. dxe5 Nxe5 13. Nxe5 dxe5 14. Nb3 Nf6 15. Be3 0-0 16. Qc2 Bb7 17. Nc5 Bc8 18. b4 Ng4 19. Bc1 Qh4 20. h3 Nf6 21. Bf1 Nd7 22. Nxd7 Bxd7 23. c4 Qe7 24. Qb3 Be6 25. Qc3 Rc8 26. Be3 Bf8 27. Bc5 Qg5 28. Bxf8 Kxf8 29. cxb5 cxb5 30. Qd3 Bc4 31. Qd6+ Qe7 32. Qxe7+ Kxe7 33. Rc1 f5 34. Bxc4 Rxc4 35. Rxc4 bxc4 36. Kf1 fxe4 37. Ke2 Kd6 38. Kd2 Kc6 39. g4 Kb5 40. Kc3 g5 0-1

[Event "Titled Tuesday intern op 29th Nov Early"]
[Site "Chess.com INT"]
[Date "2022.11.29"]
[Round "2"]
[White "Zivkovic, Nemanja"]
[Black "Jiganchine, Roman"]
[Result "1-0"]
[WhiteElo "2364"]
[BlackElo "2205"]
[PlyCount "53"]
[EventDate "2022.11.29"]
[EventType "swiss (blitz)"]
[EventRounds "11"]
[EventCountry "USA"]
[SourceTitle "EXT 2024"]
[Source "ChessBase"]
[SourceDate "2023.10.10"]
[SourceVersion "1"]
[SourceVersionDate "2023.10.10"]
[SourceQuality "1"]

1. b3 e5 2. Bb2 f6 3. e4 c6 4. d4 d6 5. Nd2 a5 6. a4 Nd7 7. Bd3 g6 8. Ne2 Bg7 9. 0-0 Ne7 10. Nc4 Qc7 11. Ba3 c5 12. dxe5 Nxe5 13. Nxd6+ Kf8 14. Nb5 Qc6 15. Nf4 Bg4 16. f3 Bd7 17. Be2 Bh6 18. Nd3 Be3+ 19. Kh1 Kg7 20. f4 Nxd3 21. Qxd3 Bd4 22. Nxd4 cxd4 23. Bxe7 Rhe8 24. Ba3 Rac8 25. Bf3 Qxc2 26. Qxd4 Be6 27. Bb2 1-0

[Event "Titled Tuesday intern op 15th Nov Early"]
[Site "Chess.com INT"]
[Date "2022.11.15"]
[Round "3"]
[White "Avazkhonov, Alikhon"]
[Black "Zivkovic, Nemanja"]
[Result "0-1"]
[WhiteElo "1538"]
[BlackElo "2364"]
[PlyCount "50"]
[EventDate "2022.11.15"]
[EventType "swiss (blitz)"]
[EventRounds "11"]
[EventCountry "USA"]
[SourceTitle "CBM 211 Extra"]
[Source "ChessBase"]
[SourceDate "2023.01.31"]
[SourceVersion "1"]
[SourceVersionDate "2023.01.31"]
[SourceQuality "1"]

1. d4 Nf6 2. c4 e6 3. Nc3 Bb4 4. e3 0-0 5. Bd2 d5 6. Nf3 b6 7. cxd5 exd5 8. Rc1 Bb7 9. Ne5 Nbd7 10. Bd3 Nxe5 11. dxe5 Nd7 12. f4 Nc5 13. Bc2 d4 14. exd4 Qxd4 15. a3 Bxg2 16. axb4 Bxh1 17. bxc5 Qg1+ 18. Ke2 Qxh2+ 19. Ke3 Qg3+ 20. Kd4 Bc6 21. cxb6 Qf2+ 22. Be3 Rad8+ 23. Kc4 Qxe3 24. Qh5 g6 25. Qh6 Qxc1 0-1

[Event "Titled Tuesday intern op 15th Nov Early"]
[Site "Chess.com INT"]
[Date "2022.11.15"]
[Round "5"]
[White "Gokerkan, Cem Kaan"]
[Black "Zivkovic, Nemanja"]
[Result "0-1"]
[WhiteElo "2470"]
[BlackElo "2364"]
[PlyCount "94"]
[EventDate "2022.11.15"]
[EventType "swiss (blitz)"]
[EventRounds "11"]
[EventCountry "USA"]
[SourceTitle "CBM 211 Extra"]
[Source "ChessBase"]
[SourceDate "2023.01.31"]
[SourceVersion "1"]
[SourceVersionDate "2023.01.31"]
[SourceQuality "1"]

1. e4 c5 2. c3 Nf6 3. e5 Nd5 4. d4 cxd4 5. Bc4 Nb6 6. Bb3 d6 7. Nf3 Nc6 8. exd6 Qxd6 9. cxd4 Be6 10. 0-0 Bxb3 11. Qxb3 e6 12. Nc3 Be7 13. Rd1 Qb4 14. d5 Qxb3 15. axb3 Nxd5 16. Nxd5 exd5 17. Rxd5 0-0 18. Be3 Rfd8 19. Rb5 Rd7 20. g4 f6 21. h4 Kf7 22. h5 a6 23. Rf5 Rd3 24. b4 Bxb4 25. Rc1 Be7 26. Kg2 Rad8 27. Bb6 R8d5 28. Ng5+ Kg8 29. Ne6 Rxf5 30. gxf5 Rd5 31. h6 gxh6 32. Be3 Rxf5 33. Rd1 Kf7 34. Nc7 h5 35. Rd7 Ne5 36. Rd1 Ng4 37. Ba7 Rg5 38. Kh3 Rf5 39. Kg2 Kg6 40. Rd7 Bb4 41. Nd5 Bf8 42. Rd8 Kf7 43. Rd7+ Ke6 44. Nb6 Bc5 45. Rxb7 Rxf2+ 46. Kg3 Bd6+ 47. Kh3 Rh2# 0-1

[Event "Titled Tuesday intern op 15th Nov Early"]
[Site "Chess.com INT"]
[Date "2022.11.15"]
[Round "2"]
[White "Zivkovic, Nemanja"]
[Black "Kollars, Dmitrij"]
[Result "0-1"]
[WhiteElo "2364"]
[BlackElo "2611"]
[PlyCount "50"]
[EventDate "2022.11.15"]
[EventType "swiss (blitz)"]
[EventRounds "11"]
[EventCountry "USA"]
[SourceTitle "CBM 211 Extra"]
[Source "ChessBase"]
[SourceDate "2023.01.31"]
[SourceVersion "1"]
[SourceVersionDate "2023.01.31"]
[SourceQuality "1"]

1. e4 e6 2. d3 d5 3. Nd2 c5 4. Ngf3 Nc6 5. g3 Nf6 6. Bg2 Qc7 7. 0-0 Be7 8. Re1 b6 9. exd5 Nxd5 10. Ne4 Bb7 11. c3 0-0 12. Qc2 Rad8 13. h4 h6 14. Bd2 f5 15. Bc1 fxe4 16. dxe4 Nf6 17. Bf4 e5 18. Be3 Ng4 19. Nd2 Nxe3 20. Rxe3 c4 21. Nxc4 Bc5 22. Rf3 Rxf3 23. Bxf3 Qf7 24. Nd2 Rxd2 25. Qxd2 Qxf3 0-1

[Event "Titled Tuesday intern op 15th Nov Early"]
[Site "Chess.com INT"]
[Date "2022.11.15"]
[Round "6"]
[White "Zivkovic, Nemanja"]
[Black "Madaminov, Mukhiddin"]
[Result "0-1"]
[WhiteElo "2364"]
[BlackElo "2442"]
[PlyCount "94"]
[EventDate "2022.11.15"]
[EventType "swiss (blitz)"]
[EventRounds "11"]
[EventCountry "USA"]
[SourceTitle "CBM 211 Extra"]
[Source "ChessBase"]
[SourceDate "2023.01.31"]
[SourceVersion "1"]
[SourceVersionDate "2023.01.31"]
[SourceQuality "1"]

1. b3 Nf6 2. Bb2 g6 3. Nf3 Bg7 4. c4 0-0 5. e3 c6 6. Be2 d5 7. 0-0 a5 8. a3 Bg4 9. d3 Nbd7 10. Nbd2 e6 11. Qc2 Rc8 12. h3 Bxf3 13. Nxf3 b5 14. Rfd1 Qb6 15. Rab1 h6 16. Rdc1 Qb7 17. Bc3 b4 18. Bb2 Nc5 19. a4 Nfd7 20. Bxg7 Kxg7 21. d4 Ne4 22. Qb2 Nc3 23. Rxc3 bxc3 24. Qxc3 Qc7 25. Ne1 Nf6 26. Nd3 Ne4 27. Qc2 Rfd8 28. Bf3 Nf6 29. Rc1 Qb8 30. Qc3 Qb6 31. g3 Rb8 32. Rb1 Kg8 33. Kg2 Nd7 34. h4 h5 35. Be2 Rdc8 36. Qe1 c5 37. cxd5 cxd4 38. dxe6 Qxe6 39. exd4 Re8 40. Nf4 Qe4+ 41. Kg1 Nf6 42. Rd1 Rxb3 43. Qxa5 Rb2 44. Bf1 Qf3 45. Rd2 Rb1 46. Qc3 Rxf1+ 47. Kxf1 Qh1# 0-1

[Event "Titled Tuesday intern op 15th Nov Early"]
[Site "Chess.com INT"]
[Date "2022.11.15"]
[Round "1"]
[White "Zivkovic, Nemanja"]
[Black "Zaichenko, Daria"]
[Result "1-0"]
[WhiteElo "2364"]
[BlackElo "2104"]
[PlyCount "51"]
[EventDate "2022.11.15"]
[EventType "swiss (blitz)"]
[EventRounds "11"]
[EventCountry "USA"]
[SourceTitle "CBM 211 Extra"]
[Source "ChessBase"]
[SourceDate "2023.01.31"]
[SourceVersion "1"]
[SourceVersionDate "2023.01.31"]
[SourceQuality "1"]

1. e4 c5 2. Nf3 Nc6 3. Bb5 g6 4. c3 Bg7 5. 0-0 e5 6. Re1 Nge7 7. Na3 0-0 8. Nc2 a6 9. Bxc6 Nxc6 10. d4 cxd4 11. cxd4 exd4 12. Ncxd4 Nxd4 13. Nxd4 d5 14. e5 Be6 15. f4 Qb6 16. Re2 Bg4 17. Be3 Bxe2 18. Qxe2 Qa5 19. a3 Rac8 20. h4 Rc4 21. Rd1 Rfc8 22. h5 Qa4 23. hxg6 R4c7 24. gxf7+ Rxf7 25. Qg4 Kh8 26. Qxc8+ 1-0

[Event "Titled Tuesday intern op 01st Nov Late"]
[Site "Chess.com INT"]
[Date "2022.11.01"]
[Round "4"]
[White "Drygalov, Sergey"]
[Black "Zivkovic, Nemanja"]
[Result "1-0"]
[WhiteElo "2547"]
[BlackElo "2364"]
[PlyCount "101"]
[EventDate "2022.11.01"]
[EventType "swiss (blitz)"]
[EventRounds "11"]
[EventCountry "USA"]
[SourceTitle "EXT 2024"]
[Source "ChessBase"]
[SourceDate "2023.10.10"]
[SourceVersion "1"]
[SourceVersionDate "2023.10.10"]
[SourceQuality "1"]

1. d4 Nf6 2. c4 e6 3. Nf3 b6 4. g3 Ba6 5. Qc2 Bb4+ 6. Bd2 Be7 7. e4 d5 8. cxd5 Bxf1 9. Kxf1 exd5 10. e5 Ne4 11. Nc3 Nxc3 12. bxc3 Qd7 13. Kg2 Nc6 14. h4 Nd8 15. a4 Ne6 16. a5 h6 17. h5 0-0 18. Nh4 c5 19. Nf5 Rfd8 20. Bxh6 gxh6 21. Nxh6+ Kg7 22. Nxf7 Kxf7 23. Qg6+ Kf8 24. h6 Bf6 25. Qxf6+ Qf7 26. Qh4 Kg8 27. Qg4+ Kh7 28. Rh5 Rf8 29. f4 Rg8 30. Qf5+ Qg6 31. Qxg6+ Rxg6 32. Kf3 Rag8 33. Rh3 Rf8 34. Ke3 cxd4+ 35. cxd4 Rc8 36. axb6 axb6 37. f5 Rc3+ 38. Kd2 Rgxg3 39. Rxg3 Rxg3 40. fxe6 Kxh6 41. Ra8 Rg7 42. Rf8 Re7 43. Rf6+ Kg5 44. Kc3 Rc7+ 45. Kb3 Kh5 46. Kb4 Kg5 47. Kb5 Rc4 48. e7 Rc8 49. Kxb6 Re8 50. Rf7 Kg6 51. e6 1-0

[Event "Titled Tuesday intern op 01st Nov Late"]
[Site "Chess.com INT"]
[Date "2022.11.01"]
[Round "9"]
[White "Zivkovic, Nemanja"]
[Black "Indjic, Aleksandar"]
[Result "0-1"]
[WhiteElo "2364"]
[BlackElo "2631"]
[PlyCount "86"]
[EventDate "2022.11.01"]
[EventType "swiss (blitz)"]
[EventRounds "11"]
[EventCountry "USA"]
[SourceTitle "EXT 2024"]
[Source "ChessBase"]
[SourceDate "2023.10.10"]
[SourceVersion "1"]
[SourceVersionDate "2023.10.10"]
[SourceQuality "1"]

1. e4 e5 2. Nf3 Nc6 3. Bb5 a6 4. Ba4 Bc5 5. d3 Nge7 6. c3 Ng6 7. 0-0 Ba7 8. h3 d6 9. Be3 Bxe3 10. fxe3 0-0 11. Nbd2 b5 12. Bc2 Rb8 13. a3 a5 14. b4 h6 15. d4 Bd7 16. Qe1 Ra8 17. Qg3 Qe7 18. Bd3 Rfb8 19. Qf2 Be8 20. Qe2 Nd8 21. Nb3 a4 22. Nbd2 c5 23. Qf2 Ne6 24. g3 cxd4 25. cxd4 Rc8 26. Rac1 h5 27. h4 Ngf8 28. Rfe1 Nh7 29. d5 Nef8 30. Nf1 Nf6 31. N1h2 Qb7 32. Ng5 Rc7 33. Rxc7 Qxc7 34. Qe2 Qc3 35. Rb1 Rc8 36. Nf1 N8h7 37. Nh3 Qxa3 38. Nf2 Qc3 39. Bxb5 Bxb5 40. Qxb5 Qc2 41. Qa6 Qxb1 42. Qxc8+ Nf8 43. Qc4 a3 0-1

[Event "Titled Tuesday intern op 01st Nov Late"]
[Site "Chess.com INT"]
[Date "2022.11.01"]
[Round "3"]
[White "Zivkovic, Nemanja"]
[Black "Tang, Andrew"]
[Result "1/2-1/2"]
[WhiteElo "2364"]
[BlackElo "2539"]
[PlyCount "136"]
[EventDate "2022.11.01"]
[EventType "swiss (blitz)"]
[EventRounds "11"]
[EventCountry "USA"]
[SourceTitle "EXT 2024"]
[Source "ChessBase"]
[SourceDate "2023.10.10"]
[SourceVersion "1"]
[SourceVersionDate "2023.10.10"]
[SourceQuality "1"]

1. e4 e5 2. Nf3 Nc6 3. Bb5 g6 4. 0-0 Bg7 5. c3 a6 6. Ba4 b5 7. Bc2 d6 8. h3 Nf6 9. d3 0-0 10. Re1 Re8 11. a4 Bb7 12. Nbd2 d5 13. Nb3 Qd6 14. Be3 Nd7 15. exd5 Qxd5 16. Nbd2 Ne7 17. axb5 axb5 18. Rxa8 Bxa8 19. Ne4 c5 20. c4 bxc4 21. dxc4 Qc6 22. Ba4 Qxe4 23. Bxd7 Rd8 24. Qd6 Qb7 25. Qxe7 Qxd7 26. Qxd7 Rxd7 27. Bxc5 e4 28. Ng5 f5 29. b4 Bc3 30. Rb1 Bd2 31. Ne6 Kf7 32. Ra1 Bb7 33. Nd4 Bxb4 34. Bxb4 Rxd4 35. Rc1 Ke6 36. Bc5 Rd7 37. Be3 Rc7 38. g3 Ba6 39. c5 Bb5 40. Rd1 Rd7 41. Rxd7 Bxd7 42. h4 Kd5 43. Kf1 Kc4 44. Ke2 Bb5 45. Kd2 Kb3 46. Bf4 Kb4 47. Be3 Ba4 48. Bd4 h6 49. Bg7 Kxc5 50. Bxh6 Kd4 51. Bg7+ Kc4 52. Ke3 Bd1 53. Bh6 Bh5 54. Bf4 Kc3 55. Bg5 Kc2 56. Bf4 Kd1 57. Bg5 Ke1 58. Bf4 Kf1 59. Bg5 Kg2 60. Bf4 Kh3 61. Bg5 Bf3 62. Bf4 Kg4 63. Bg5 Kh5 64. Bf4 Bg2 65. Bg5 Bh3 66. Bf4 Bg2 67. Bg5 Bf3 68. Bf4 Bg2 1/2-1/2

[Event "PNWCC vs Europe Hybrid 08"]
[Site "Chess.com INT"]
[Date "2022.08.20"]
[Round "4"]
[White "Levine, Joseph1111"]
[Black "Zivkovic, Nemanja"]
[Result "1-0"]
[WhiteElo "2254"]
[BlackElo "2392"]
[PlyCount "59"]
[EventDate "2022.08.19"]
[EventType "team-match"]
[EventRounds "8"]
[EventCountry "USA"]
[SourceTitle "EXT 2024"]
[Source "ChessBase"]
[SourceDate "2023.10.10"]
[SourceVersion "1"]
[SourceVersionDate "2023.10.10"]
[SourceQuality "1"]
[WhiteTeam "PNWCC"]
[BlackTeam "Europe"]
[WhiteTeamCountry "USA"]

1. e4 e5 2. Nf3 Nc6 3. Bc4 Be7 4. d4 d6 5. dxe5 Nxe5 6. Nxe5 dxe5 7. Qh5 g6 8. Qxe5 Nf6 9. Bh6 Qd6 10. Qxd6 cxd6 11. Nc3 Be6 12. Bb5+ Nd7 13. 0-0-0 a6 14. Bxd7+ Kxd7 15. Bf4 Kc6 16. Nd5 Bxd5 17. Rxd5 Rad8 18. Rhd1 Rhe8 19. g4 f6 20. a4 Rh8 21. c4 h5 22. gxh5 Rxh5 23. Rxh5 gxh5 24. Rd5 Rh8 25. h4 f5 26. exf5 Bxh4 27. f6 Rf8 28. Rxd6+ Kc5 29. Be5 Bxf2 30. Rd2 1-0

[Event "PNWCC vs Europe Hybrid 08"]
[Site "Chess.com INT"]
[Date "2022.08.19"]
[Round "2"]
[White "Zivkovic, Nemanja"]
[Black "Tiglon, Bryce"]
[Result "0-1"]
[WhiteElo "2392"]
[BlackElo "2397"]
[PlyCount "48"]
[EventDate "2022.08.19"]
[EventType "team-match"]
[EventRounds "8"]
[EventCountry "USA"]
[SourceTitle "EXT 2024"]
[Source "ChessBase"]
[SourceDate "2023.10.10"]
[SourceVersion "1"]
[SourceVersionDate "2023.10.10"]
[SourceQuality "1"]
[WhiteTeam "Europe"]
[BlackTeam "PNWCC"]
[BlackTeamCountry "USA"]

1. e4 c5 2. Nf3 d6 3. Bb5+ Nd7 4. c3 Ngf6 5. Qe2 a6 6. Ba4 b5 7. Bc2 Bb7 8. d4 e6 9. Nbd2 Qc7 10. Bd3 Be7 11. 0-0 0-0 12. Re1 cxd4 13. cxd4 e5 14. d5 Nc5 15. Bc2 a5 16. Nb3 Na6 17. Bg5 a4 18. Nc1 Rfc8 19. Bd3 b4 20. Bxf6 Bxf6 21. Bb5 Qa5 22. Rb1 Nc5 23. b3 Nxe4 24. Qxe4 Qxb5 0-1

[Event "Titled Tuesday intern op 16th Aug Late"]
[Site "Chess.com INT"]
[Date "2022.08.16"]
[Round "1"]
[White "Zivkovic, Nemanja"]
[Black "Prydun, Andriy"]
[Result "1/2-1/2"]
[WhiteElo "2392"]
[BlackElo "2129"]
[PlyCount "138"]
[EventDate "2022.08.16"]
[EventType "swiss (blitz)"]
[EventRounds "11"]
[EventCountry "USA"]
[SourceTitle "EXT 2023"]
[Source "ChessBase"]
[SourceDate "2022.10.05"]
[SourceVersion "1"]
[SourceVersionDate "2022.10.05"]
[SourceQuality "1"]

1. c4 c5 2. Nc3 Nc6 3. g3 g6 4. Bg2 Bg7 5. e3 h5 6. h3 Nh6 7. Nge2 Nf5 8. b3 b6 9. Bb2 Bb7 10. 0-0 Rb8 11. d3 0-0 12. Qd2 e6 13. Rfd1 Nce7 14. e4 Nd4 15. f4 h4 16. gxh4 Nec6 17. h5 Qh4 18. hxg6 fxg6 19. e5 Bh6 20. Rf1 Nxe5 21. Ne4 d6 22. Nxd4 cxd4 23. Bxd4 Rxf4 24. Rxf4 Bxf4 25. Qf2 Qxf2+ 26. Bxf2 Nxd3 27. Bh4 Be3+ 28. Kh2 Nf4 29. Nf6+ Kg7 30. Bxb7 Rxb7 31. Ne8+ Kh7 32. Nxd6 Rd7 33. Ne4 Rd4 34. Ng5+ Kh6 35. Nf3 Rd3 36. Re1 Kh5 37. Bg3 g5 38. Ne5 Rd2+ 39. Kh1 Bf2 40. Bxf2 Rxf2 41. Ng4 Re2 42. Rxe2 Nxe2 43. Kg2 Nc3 44. Nf6+ Kg6 45. Nd7 Nxa2 46. Ne5+ Kf5 47. Nc6 Nc1 48. b4 Nb3 49. Nxa7 Nd2 50. c5 bxc5 51. bxc5 Ke5 52. c6 Kd6 53. Kg3 e5 54. Kg4 e4 55. Kxg5 e3 56. Nb5+ Kxc6 57. Nc3 Kd6 58. Kg6 Ke7 59. h4 Kf8 60. h5 Kg8 61. Kf5 Nc4 62. Ke4 Nd6+ 63. Kxe3 Kh7 64. Kf4 Kh6 65. Kg4 Nf7 66. Nd5 Ne5+ 67. Kh4 Nf3+ 68. Kg4 Ne5+ 69. Kf5 Kxh5 1/2-1/2

[Event "Titled Tuesday intern op 12th Jul Early"]
[Site "Chess.com INT"]
[Date "2022.07.12"]
[Round "3"]
[White "Zivkovic, Nemanja"]
[Black "Avalos Parra, Joao"]
[Result "1-0"]
[WhiteElo "2392"]
[BlackElo "2193"]
[PlyCount "141"]
[EventDate "2022.07.12"]
[EventType "swiss (blitz)"]
[EventRounds "11"]
[EventCountry "USA"]
[SourceTitle "EXT 2023"]
[Source "ChessBase"]
[SourceDate "2022.10.05"]
[SourceVersion "1"]
[SourceVersionDate "2022.10.05"]
[SourceQuality "1"]

1. e4 e6 2. d4 d5 3. Nd2 Be7 4. c3 c5 5. exd5 exd5 6. dxc5 Bxc5 7. Ngf3 Nc6 8. Bd3 Nge7 9. Nb3 Bd6 10. h3 0-0 11. 0-0 Ng6 12. Re1 Bc7 13. Nbd4 a6 14. Nf5 Nce5 15. Bc2 Qf6 16. N3d4 Bd7 17. Be3 Rfe8 18. b3 Rac8 19. Rc1 Bb8 20. Qd2 Ba7 21. Bb1 b5 22. Bg5 Qb6 23. Be3 Qc7 24. Ng3 Nh4 25. Kh1 Qd6 26. Ngf5 Nxf5 27. Nxf5 Bxe3 28. Rxe3 Qf6 29. Nd4 b4 30. Rce1 bxc3 31. Rxc3 Rxc3 32. Qxc3 Rc8 33. Qd2 g6 34. Kg1 Kg7 35. Bc2 h5 36. Bd1 Qd6 37. Be2 Nc6 38. Nf3 Bf5 39. Bxa6 Rc7 40. Bb5 Be4 41. Rxe4 Qc5 42. Bxc6 dxe4 43. Bxe4 Qc1+ 44. Qxc1 Rxc1+ 45. Kh2 f5 46. Bd5 Rc2 47. a4 Rxf2 48. Kg3 Rb2 49. h4 Kf6 50. Bc4 Ke7 51. a5 Kd6 52. a6 Kc6 53. Ne5+ Kb6 54. Nxg6 Re2 55. Nf4 Re3+ 56. Kf2 Re4 57. g3 Rd4 58. Nxh5 Rd1 59. Ng7 f4 60. gxf4 Rh1 61. h5 Rh4 62. Kg3 Rh1 63. Kf3 Rh3+ 64. Ke4 Rh4 65. Kf5 Rh1 66. Kg6 Rg1+ 67. Kf6 Rh1 68. f5 Kc7 69. a7 Kb7 70. a8Q+ Kxa8 71. Bd5+ 1-0

[Event "Novi Sad TS IM Mix 277th"]
[Site "Novi Sad"]
[Date "2022.05.19"]
[Round "5"]
[White "Zivkovic, Nemanja"]
[Black "Ljepic, Andrej"]
[Result "1-0"]
[WhiteElo "2406"]
[BlackElo "2289"]
[PlyCount "69"]
[EventDate "2022.05.16"]
[EventType "schev"]
[EventRounds "9"]
[EventCountry "SRB"]
[SourceTitle "CBM 208 Extra"]
[Source "ChessBase"]
[SourceDate "2022.07.31"]
[SourceVersion "1"]
[SourceVersionDate "2022.07.31"]
[SourceQuality "1"]

1. c4 e6 2. g3 d5 3. Nf3 Nf6 4. Bg2 Be7 5. 0-0 0-0 6. d4 b6 7. Ne5 Bb7 8. Qa4 c5 9. dxc5 bxc5 10. Nc3 Qb6 11. Qb5 Nc6 12. Nxc6 Bxc6 13. Qxb6 axb6 14. Bg5 Rfd8 15. Rfd1 Rac8 16. Bxf6 Bxf6 17. cxd5 exd5 18. Nxd5 Bxd5 19. Rxd5 Rxd5 20. Bxd5 Bxb2 21. Rb1 Rd8 22. e4 Be5 23. Rxb6 Rd7 24. f4 Bd4+ 25. Kg2 Kf8 26. a4 Ra7 27. e5 Rc7 28. Bc4 Ke7 29. a5 f6 30. Kf3 fxe5 31. fxe5 Rd7 32. a6 Bc3 33. e6 Rc7 34. Ke4 Ba5 35. Rb5 1-0

[Event "Novi Sad TS IM Mix 277th"]
[Site "Novi Sad"]
[Date "2022.05.18"]
[Round "4"]
[White "Lu, Miaoyi"]
[Black "Zivkovic, Nemanja"]
[Result "1-0"]
[WhiteElo "2279"]
[BlackElo "2406"]
[PlyCount "47"]
[EventDate "2022.05.16"]
[EventType "schev"]
[EventRounds "9"]
[EventCountry "SRB"]
[SourceTitle "CBM 208 Extra"]
[Source "ChessBase"]
[SourceDate "2022.07.31"]
[SourceVersion "1"]
[SourceVersionDate "2022.07.31"]
[SourceQuality "1"]

1. e4 c5 2. Nc3 Nc6 3. Nf3 d6 4. d4 Bg4 5. d5 Nb8 6. Be2 Bxf3 7. gxf3 g6 8. f4 Nd7 9. h4 h5 10. Rg1 Bh6 11. f5 Bxc1 12. Qxc1 gxf5 13. Qg5 Ngf6 14. Qxf5 a6 15. f4 Qc7 16. Rg5 b5 17. e5 dxe5 18. fxe5 b4 19. d6 Qa5 20. exf6 bxc3 21. Qe4 cxb2+ 22. Kf2 Qd8 23. fxe7 Qb8 24. Rag1 1-0

[Event "Novi Sad TS IM Mix 277th"]
[Site "Novi Sad"]
[Date "2022.05.17"]
[Round "2"]
[White "Popchev, Milko"]
[Black "Zivkovic, Nemanja"]
[Result "1/2-1/2"]
[WhiteElo "2200"]
[BlackElo "2406"]
[PlyCount "32"]
[EventDate "2022.05.16"]
[EventType "schev"]
[EventRounds "9"]
[EventCountry "SRB"]
[SourceTitle "CBM 208 Extra"]
[Source "ChessBase"]
[SourceDate "2022.07.31"]
[SourceVersion "1"]
[SourceVersionDate "2022.07.31"]
[SourceQuality "1"]

1. b3 Nf6 2. Bb2 g6 3. Bxf6 exf6 4. c4 d5 5. cxd5 Qxd5 6. Nc3 Qa5 7. Nf3 Bg7 8. a3 c5 9. e3 f5 10. b4 cxb4 11. axb4 Qxb4 12. Nb5 Qe7 13. Rxa7 Rxa7 14. Nxa7 0-0 15. Nxc8 Rxc8 16. Be2 f4 1/2-1/2

[Event "Titled Tuesday intern op 10th May Late"]
[Site "Chess.com INT"]
[Date "2022.05.10"]
[Round "3"]
[White "Zivkovic, Nemanja"]
[Black "Zhigalko, Sergei"]
[Result "0-1"]
[WhiteElo "2406"]
[BlackElo "2572"]
[PlyCount "60"]
[EventDate "2022.05.10"]
[EventType "swiss (blitz)"]
[EventRounds "11"]
[EventCountry "USA"]
[SourceTitle "CBM 208 Extra"]
[Source "ChessBase"]
[SourceDate "2022.07.31"]
[SourceVersion "1"]
[SourceVersionDate "2022.07.31"]
[SourceQuality "1"]

1. e4 c5 2. Nf3 Nc6 3. Bb5 Nf6 4. Qe2 g6 5. 0-0 Bg7 6. c3 0-0 7. h3 e5 8. d3 d6 9. Re1 Nh5 10. Be3 Bd7 11. Nbd2 a6 12. Ba4 b5 13. Bb3 Kh8 14. Bd5 Rb8 15. Nf1 Ne7 16. Bb3 f5 17. Ng5 c4 18. dxc4 h6 19. Nf3 fxe4 20. N3d2 bxc4 21. Qxc4 d5 22. Qxa6 d4 23. Nxe4 Bb5 24. Qa7 dxe3 25. Nxe3 Nc6 26. Qc5 Nf4 27. Red1 Qh4 28. Nd5 Ne2+ 29. Kh2 Qxe4 30. c4 Ncd4 0-1